Online Catalogue and eLibrary

State of the World 1993 (Record no. 1465)

MARC details
000 -LEADER
fixed length control field 00503nam a2200205Ia 4500
005 - DATE AND TIME OF LATEST TRANSACTION
control field 20250123060549.0
008 - FIXED-LENGTH DATA ELEMENTS--GENERAL INFORMATION
fixed length control field 240331s9999 xx 000 0 und d
020 ## - INTERNATIONAL STANDARD BOOK NUMBER
ISBN 0393309630
082 ## - DDC Classification
Item Number - Author Mark STA
DDC Edition Number 1708
Class No. 304.2
245 #0 - TITLE STATEMENT
Title State of the World 1993
260 ## - PUBLICATION, DISTRIBUTION, ETC.
Place of publication, distribution, etc. New York
-- London
Name of publisher, distributor, etc. W. W. Norton & Company Inc.
Date of publication, distribution, etc. 1993
300 ## - PHYSICAL DESCRIPTION
Extent (e.g. Volumes, Pages etc.) xix, 268 p.,
650 ## - SUBJECT ADDED ENTRY--TOPICAL TERM
Topical term or geographic name entry element Environment
650 ## - SUBJECT ADDED ENTRY--TOPICAL TERM
Topical term or geographic name entry element Gender
650 ## - SUBJECT ADDED ENTRY--TOPICAL TERM
Topical term or geographic name entry element Equality
650 ## - SUBJECT ADDED ENTRY--TOPICAL TERM
Topical term or geographic name entry element Culture
650 ## - SUBJECT ADDED ENTRY--TOPICAL TERM
Topical term or geographic name entry element Earth
700 ## - ADDED ENTRY--PERSONAL NAME
Personal name Starke, L
Relator term (Role) Editor
942 ## - Koha item type (Biblio)
Koha item type Books in Stacks (Lending)
Holdings
Lost status Damaged status Collection code Home library Current library Shelving location Date acquired Full call number Accession Number Item type
    Lending WERC Library WERC Library Social Science Cupboard 03/31/2024 304.2 STA 1708 Books in Stacks (Lending)

© WERC Library